000 00543nam a2200181Ia 4500
005 20250923144716.0
008 008 250917s9999 xx 000 0 eng d
037 _aTextual
040 _aDSWL
_beng
_cDSWL
041 _aeng
_2eng
084 _aY172:1.23161y7, J9
_qDSWL
100 _aShah, P.G.
_9827593
245 0 _aNakas- Naikalas: A Gujrat tribe
_cby P.G. Shah
260 _aBombay
_bGujrat Research Society
_c1959
300 _a87p.
942 _cTEXL
_hY172:1.23161y7, J9
999 _c1442331
_d1442331